000 00459nam a2200169Ia 4500
008 230917s9999||||xx |||||||||||||| ||und||
020 _cRS995
040 _e229160
_aMAIN
041 _aEnglish
082 _a338.4791 D643T
100 _aDixit, Saurabh
245 0 _aTourism and hospitality management
260 _aNew Delhi
_bA P H Publishing
_c2013
300 _axviii, 337 p.
500 _a2167 09/11/2015 PBA15/467 10/11/2015 IHTM (SFS)
942 _cBK
999 _c16527
_d16527